The rise and fall of the great powers : (Record no. 16367)

000 -LEADER
fixed length control field 01092cam a2200361 a 4500
001 - CONTROL NUMBER
control field 624785
005 - DATE AND TIME OF LATEST TRANSACTION
control field 20170105102938.0
008 - FIXED-LENGTH DATA ELEMENTS--GENERAL INFORMATION
fixed length control field 880216s1987 nyub b 001 0 eng
010 ## - LIBRARY OF CONGRESS CONTROL NUMBER
LC control number 87009690
035 ## - SYSTEM CONTROL NUMBER
System control number (OCoLC)15594794
035 ## - SYSTEM CONTROL NUMBER
System control number (OCoLC)ocm15594794
035 ## - SYSTEM CONTROL NUMBER
System control number (CStRLIN)NYCG88-B10486
035 ## - SYSTEM CONTROL NUMBER
System control number (NNC)624785
040 ## - CATALOGING SOURCE
Modifying agency CMen
-- CBu
050 0# - LIBRARY OF CONGRESS CALL NUMBER
Classification number D210
Item number .K46 1988
082 0# - DEWEY DECIMAL CLASSIFICATION NUMBER
Classification number 909.82
Edition number 19
Author Mark KEN 1988
090 ## - LOCALLY ASSIGNED LC-TYPE CALL NUMBER (OCLC); LOCAL CALL NUMBER (RLIN)
Classification number (OCLC) (R) ; Classification number, CALL (RLIN) (NR) D210
Local cutter number (OCLC) ; Book number/undivided call number, CALL (RLIN) .K46 1987
100 1# - MAIN ENTRY--PERSONAL NAME
Personal name Kennedy, Paul M.,
Dates associated with a name 1945-
245 14 - TITLE STATEMENT
Title The rise and fall of the great powers :
Remainder of title economic change and military conflict from 1500 to 2000 /
Statement of responsibility, etc. by Paul Kennedy.
250 ## - EDITION STATEMENT
Edition statement 1st ed.
260 ## - PUBLICATION, DISTRIBUTION, ETC.
Place of publication, distribution, etc. New York :
Name of publisher, distributor, etc. Random House,
Date of publication, distribution, etc. c1988.
300 ## - PHYSICAL DESCRIPTION
Extent xxv, 677 p. :
Other physical details maps ;
Dimensions 25 cm.
500 ## - GENERAL NOTE
General note Includes index.
504 ## - BIBLIOGRAPHY, ETC. NOTE
Bibliography, etc. note Bibliography: p. 625-662.
650 #0 - SUBJECT ADDED ENTRY--TOPICAL TERM
Topical term or geographic name entry element History, Modern.
650 #0 - SUBJECT ADDED ENTRY--TOPICAL TERM
Topical term or geographic name entry element Economic history.
650 #0 - SUBJECT ADDED ENTRY--TOPICAL TERM
Topical term or geographic name entry element Military history, Modern.
650 #0 - SUBJECT ADDED ENTRY--TOPICAL TERM
Topical term or geographic name entry element Military weapons
General subdivision Economic aspects.
650 #0 - SUBJECT ADDED ENTRY--TOPICAL TERM
Topical term or geographic name entry element Balance of power.
942 ## - ADDED ENTRY ELEMENTS (KOHA)
Source of classification or shelving scheme
Koha item type Book
948 2# - LOCAL PROCESSING INFORMATION (OCLC); SERIES PART DESIGNATOR (RLIN)
Series part designator, SPT (RLIN) 20100712
b (OCLC) a
c (OCLC) sds12
d (OCLC) MPS
Holdings
Withdrawn status Lost status Damaged status Not for loan Collection code Permanent Location Current Location Shelving location Date acquired Total Checkouts Full call number Barcode Date last seen Price effective from Koha item type
          Centre for International Peace & Stability (CIPS) Centre for International Peace & Stability (CIPS) General Stacks 04/01/2016   909.82 KEN 1988 CIPSD0000413 04/01/2016 04/01/2016 Book
© 2023 Central Library, National University of Sciences and Technology. All Rights Reserved.